[Event "BUL-chT2"]
[Site "Sunny Beach"]
[Date "2014.09.21"]
[Round "3.4"]
[White "Ninov, Dayan"]
[Black "Vasilev, Vergil"]
[Result "1/2-1/2"]
[WhiteElo "2216"]
[BlackElo "1978"]
[PlyCount "83"]
[EventDate "2014.09.19"]
[EventType "team-swiss"]
[EventRounds "7"]
[EventCountry "BUL"]
[SourceTitle "EXT 2015"]
[Source "ChessBase"]
[SourceDate "2014.11.20"]
[SourceVersion "1"]
[SourceVersionDate "2014.11.20"]
[SourceQuality "1"]
[WhiteTeam "Radnevo Maritsa Iztok"]
[BlackTeam "Lovech"]
[WhiteTeamCountry "BUL"]
[BlackTeamCountry "BUL"]

1. d4 d5 2. Nf3 Nf6 3. c4 dxc4 4. Nc3 Nbd7 5. e4 Nb6 6. Ne5 c5 7. d5 e6 8. Nxc4 Be7 9. Bf4 exd5 10. Nxb6 Qxb6 11. Bb5+ Kf8 12. exd5 Bd6 13. Bxd6+ Qxd6 14. Be2 g6 15. 0-0 Kg7 16. Bf3 Bf5 17. Qb3 Bg4 18. Nb5 Qd7 19. Bxg4 Nxg4 20. Qc3+ Nf6 21. Na3 Qxd5 22. Rad1 Qc6 23. Nc4 Rhd8 24. Ne5 Qe6 25. Rde1 Qd5 26. Nf3 Rac8 27. Re7 Rd7 28. Rfe1 Rcc7 29. R7e5 Qd3 30. Qc1 Rd5 31. R5e3 Qa6 32. Qc3 b5 33. a3 Qd6 34. Re5 Rxe5 35. Nxe5 Qd4 36. Qxd4 cxd4 37. Kf1 Rc2 38. Re2 Rc1+ 39. Re1 Rc2 40. Re2 Rc1+ 41. Re1 Rc2 42. Re2 1/2-1/2

[Event "BUL-chT GpB 63rd"]
[Site "Sunny Beach"]
[Date "2013.09.24"]
[Round "8.4"]
[White "Krastanov, Georgi"]
[Black "Vasilev, Vergil"]
[Result "1/2-1/2"]
[WhiteElo "2068"]
[BlackElo "1987"]
[PlyCount "30"]
[EventDate "2013.09.19"]
[EventType "team-tourn"]
[EventRounds "9"]
[EventCountry "BUL"]
[SourceTitle "CBM 156 Extra"]
[Source "ChessBase"]
[SourceDate "2013.10.22"]
[SourceVersion "1"]
[SourceVersionDate "2013.10.22"]
[SourceQuality "1"]
[WhiteTeam "Sofia Slavia"]
[BlackTeam "Lovech"]
[WhiteTeamCountry "BUL"]
[BlackTeamCountry "BUL"]

1. Nf3 Nf6 2. d4 d5 3. Bf4 e6 4. e3 Bd6 5. Ne5 0-0 6. Bd3 Nc6 7. Nd2 Nd7 8. Nxc6 bxc6 9. Bxd6 cxd6 10. c4 dxc4 11. Bxc4 c5 12. dxc5 Nxc5 13. b4 Nd7 14. 0-0 Ne5 15. Be2 Bb7 1/2-1/2

[Event "BUL-chT GpB 63rd"]
[Site "Sunny Beach"]
[Date "2013.09.21"]
[Round "4.4"]
[White "Krastev, Krasimir"]
[Black "Vasilev, Vergil"]
[Result "0-1"]
[WhiteElo "1916"]
[BlackElo "1987"]
[PlyCount "32"]
[EventDate "2013.09.19"]
[EventType "team-tourn"]
[EventRounds "9"]
[EventCountry "BUL"]
[SourceTitle "CBM 156 Extra"]
[Source "ChessBase"]
[SourceDate "2013.10.22"]
[SourceVersion "1"]
[SourceVersionDate "2013.10.22"]
[SourceQuality "1"]
[WhiteTeam "Vratsa"]
[BlackTeam "Lovech"]
[WhiteTeamCountry "BUL"]
[BlackTeamCountry "BUL"]

1. c4 e5 2. Nc3 Nc6 3. g3 f5 4. Bg2 Nf6 5. d3 Bc5 6. Nf3 d6 7. 0-0 Be6 8. Na4 Qe7 9. Nxc5 dxc5 10. a3 0-0 11. b3 Rad8 12. Bb2 Bc8 13. e3 e4 14. Ne1 Ne5 15. d4 b6 16. dxe5 Rxd1 0-1

[Event "BUL-chT GpB 63rd"]
[Site "Sunny Beach"]
[Date "2013.09.19"]
[Round "1.4"]
[White "Dimitrov, Teodor"]
[Black "Vasilev, Vergil"]
[Result "1-0"]
[WhiteElo "2147"]
[BlackElo "1987"]
[PlyCount "65"]
[EventDate "2013.09.19"]
[EventType "team-tourn"]
[EventRounds "9"]
[EventCountry "BUL"]
[SourceTitle "CBM 156 Extra"]
[Source "ChessBase"]
[SourceDate "2013.10.22"]
[SourceVersion "1"]
[SourceVersionDate "2013.10.22"]
[SourceQuality "1"]
[WhiteTeam "Silistra"]
[BlackTeam "Lovech"]
[WhiteTeamCountry "BUL"]
[BlackTeamCountry "BUL"]

1. d4 d5 2. Nf3 Nf6 3. Bf4 e6 4. e3 Bd6 5. Bg3 0-0 6. c4 c5 7. Nc3 Nc6 8. Ne5 cxd4 9. exd4 dxc4 10. Nxc6 bxc6 11. Bxc4 Rb8 12. b3 Rb7 13. 0-0 Rd7 14. Bxd6 Rxd6 15. Qf3 Bb7 16. Ne2 Qa8 17. Qg3 Rfd8 18. Rac1 a5 19. a3 Nh5 20. Qe5 g6 21. g4 Ng7 22. Rc3 c5 23. dxc5 Rd1 24. Rc1 Bh1 25. Qg3 Rxf1+ 26. Rxf1 Bf3 27. b4 h5 28. h3 hxg4 29. hxg4 Ne8 30. Qf4 Kg7 31. Nd4 Bh1 32. f3 Nf6 33. Kxh1 1-0

[Event "Albena op 19th"]
[Site "Albena"]
[Date "2011.06.26"]
[Round "2"]
[White "Vasilev, Vergil"]
[Black "Shishkov, Minko"]
[Result "1/2-1/2"]
[WhiteElo "2005"]
[BlackElo "2286"]
[PlyCount "102"]
[EventDate "2011.06.25"]
[EventType "swiss"]
[EventRounds "9"]
[EventCountry "BUL"]
[SourceTitle "CBM 143 Extra"]
[Source "ChessBase"]
[SourceDate "2011.08.29"]
[SourceVersion "1"]
[SourceVersionDate "2011.08.29"]
[SourceQuality "1"]

1. d4 g6 2. e4 Bg7 3. Nf3 d6 4. Bd3 Nf6 5. c3 0-0 6. 0-0 c5 7. Nbd2 cxd4 8. cxd4 Nc6 9. Re1 Nd7 10. Nb3 Nb6 11. h3 a5 12. Be3 a4 13. Nbd2 d5 14. e5 Nb4 15. Bf1 Bf5 16. Nh4 Bc2 17. Qg4 Rc8 18. Rec1 Bd3 19. a3 Bxf1 20. Nxf1 Nd3 21. Rcb1 e6 22. Qe2 Qxh4 23. Qxd3 Nc4 24. b3 axb3 25. Qxb3 b6 26. Nd2 f6 27. exf6 Qxf6 28. Nf3 Ra8 29. Re1 Qe7 30. Ne5 Bxe5 31. dxe5 Ra6 32. Bh6 Rfa8 33. Qg3 Rxa3 34. Rxa3 Rxa3 35. Qg4 Qf7 36. Rd1 Ra8 37. Re1 Qf5 38. Qg3 Kf7 39. Bg5 Ra3 40. Qh4 h5 41. Bd8 Ra7 42. g4 Qf3 43. gxh5 gxh5 44. Qg5 Ke8 45. Bf6 Qxh3 46. Qg8+ Kd7 47. Qg7+ Kc6 48. Qxa7 Qg4+ 49. Kh2 Qf4+ 50. Kg2 Qg4+ 51. Kh2 Qf4+ 1/2-1/2

[Event "BUL-chT2"]
[Site "Albena"]
[Date "2011.06.08"]
[Round "9.2"]
[White "Vasilev, Vergil"]
[Black "Asparuhov, Parvan"]
[Result "1-0"]
[WhiteElo "2005"]
[BlackElo "2077"]
[PlyCount "75"]
[EventDate "2011.06.02"]
[EventType "team-tourn"]
[EventRounds "9"]
[EventCountry "BUL"]
[SourceTitle "CBM 142 Extra"]
[Source "ChessBase"]
[SourceDate "2011.06.27"]
[SourceVersion "1"]
[SourceVersionDate "2011.06.27"]
[SourceQuality "1"]
[WhiteTeam "Lovech"]
[BlackTeam "Pernik Yuriy Benderev"]
[WhiteTeamCountry "BUL"]
[BlackTeamCountry "BUL"]

1. e4 e5 2. d4 Nc6 3. dxe5 Nxe5 4. Nc3 d6 5. Bd2 Nf6 6. f4 Nc6 7. Nf3 Bg4 8. Bd3 Be7 9. h3 Bxf3 10. Qxf3 0-0 11. 0-0-0 Nd4 12. Qf2 c5 13. g4 b5 14. g5 Nd7 15. Nxb5 Qb6 16. Na3 d5 17. Be3 dxe4 18. Bxe4 Rab8 19. c3 Qe6 20. Bb1 Rfc8 21. Rhe1 Qc6 22. Bxd4 cxd4 23. Rxe7 dxc3 24. b3 Nc5 25. Qc2 g6 26. Nc4 Qf3 27. Re3 Qxf4 28. Qxc3 Re8 29. Qf6 Qc7 30. Rde1 Ne6 31. Qe5 Qc6 32. Be4 Qa6 33. Qa5 Qc8 34. Bd5 Qd7 35. Bxe6 fxe6 36. Qe5 Rbc8 37. Kb2 Rc6 38. R1e2 1-0

[Event "BUL-chT-B Group qual final"]
[Site "Sofia"]
[Date "2010.02.21"]
[Round "1.6"]
[White "Popov, Ilian"]
[Black "Vasilev, Vergil"]
[Result "1-0"]
[WhiteElo "2233"]
[BlackElo "2000"]
[PlyCount "85"]
[EventDate "2010.02.21"]
[EventType "team-match"]
[EventRounds "1"]
[EventCountry "BUL"]
[SourceTitle "CBM 135 Extra"]
[Source "ChessBase"]
[SourceDate "2010.05.04"]
[SourceVersion "1"]
[SourceVersionDate "2010.05.04"]
[SourceQuality "1"]
[WhiteTeam "Dobrich Energiya 21"]
[BlackTeam "Lovech"]
[WhiteTeamCountry "BUL"]
[BlackTeamCountry "BUL"]

1. e4 d5 2. exd5 Qxd5 3. Nc3 Qd6 4. Be2 Nf6 5. Nf3 Bf5 6. 0-0 e6 7. b3 Be7 8. Bb2 Nc6 9. Nb5 Qd7 10. Ne5 Nxe5 11. Bxe5 0-0 12. Nd4 Bg6 13. Nf3 Nd5 14. a3 f6 15. Bg3 e5 16. c4 Nb6 17. d4 exd4 18. Qxd4 Rad8 19. Qc3 c5 20. Rfe1 Rfe8 21. h3 Bd6 22. Rad1 Qc7 23. Bxd6 Rxd6 24. Nh4 Nd7 25. Nxg6 hxg6 26. Rxd6 Qxd6 27. Rd1 Qe5 28. Qxe5 Nxe5 29. f4 Nc6 30. Bf3 Nd4 31. Bxb7 Nxb3 32. Rd7 Kf8 33. Bc6 Nd4 34. Rxd4 cxd4 35. Bxe8 Kxe8 36. Kf2 Ke7 37. Ke2 Kd6 38. Kd3 Kc5 39. a4 g5 40. f5 Kb4 41. Kxd4 Kxa4 42. c5 Kb5 43. Kd5 1-0

[Event "BUL-chT-B Group qual A"]
[Site "Sofia"]
[Date "2010.02.20"]
[Round "2.6"]
[White "Krastev, Krasimir"]
[Black "Vasilev, Vergil"]
[Result "0-1"]
[WhiteElo "2034"]
[BlackElo "2000"]
[PlyCount "58"]
[EventDate "2010.02.19"]
[EventType "team-tourn"]
[EventRounds "4"]
[EventCountry "BUL"]
[SourceTitle "CBM 135 Extra"]
[Source "ChessBase"]
[SourceDate "2010.05.04"]
[SourceVersion "1"]
[SourceVersionDate "2010.05.04"]
[SourceQuality "1"]
[WhiteTeam "Vratsa"]
[BlackTeam "Lovech"]
[WhiteTeamCountry "BUL"]
[BlackTeamCountry "BUL"]

1. d4 d5 2. c4 dxc4 3. Nc3 e5 4. d5 Bd6 5. e4 f5 6. Bxc4 Nf6 7. Bg5 0-0 8. Nge2 a6 9. a4 h6 10. Bxf6 Qxf6 11. 0-0 f4 12. f3 g5 13. Nc1 Nd7 14. Be2 Qg6 15. Nd3 Nf6 16. Qe1 Rf7 17. Rc1 Bd7 18. b4 Rg7 19. Nc5 g4 20. Nxd7 Rxd7 21. fxg4 Nxg4 22. Bxg4 Qxg4 23. Nd1 Rg7 24. Rf2 Rf8 25. Rc4 Qh5 26. Qf1 b6 27. Kh1 Rf6 28. Ne3 fxe3 29. Rxf6 e2 0-1